| 000 | 01236cam a2200289 a 4500 | ||
|---|---|---|---|
| 001 | 597806 | ||
| 003 | ARRUPE | ||
| 005 | 20131126140917.0 | ||
| 008 | 910430s1992 nju b 001 0 eng | ||
| 010 | _a 91019258 | ||
| 020 |
_a0691086192 (acidfree paper) : _c$35.00 |
||
| 020 |
_a0691023476 (pbk. : acidfree paper) : _c$12.95 |
||
| 040 |
_aDLC _cDLC _dDLC _dMoSU-L _dDLC |
||
| 050 | 0 | 0 |
_aHM73 _b.R59 1991 |
| 100 | 1 |
_aRosenau, Pauline Vaillancourt. _93956 |
|
| 245 | 1 | 0 |
_aPost-modernism and the social sciences : _binsights, inroads, and intrusions / _cPauline Marie Rosenau. |
| 260 |
_aPrinceton, N.J. : _bPrinceton University Press, _cc1992. |
||
| 300 |
_axiv, 229 p. ; _c25 cm. |
||
| 504 | _aIncludes bibliographical references (p. [185]-216) and index. | ||
| 650 | 0 |
_aPostmodernism _xSocial aspects. _93957 |
|
| 650 | 0 |
_aSocial sciences _xPhilosophy. _93958 |
|
| 650 | 0 |
_aSocial movements. _93959 |
|
| 856 | 4 | 2 |
_3Publisher description _uhttp://www.loc.gov/catdir/description/prin021/91019258.html |
| 906 |
_a7 _bcbc _corignew _d1 _eocip _f19 _gy-gencatlg |
||
| 942 |
_2lcc _cMONOGRAPH |
||
| 999 |
_c118715 _d118715 |
||